[Event "RM-2022-0-00257"]
[Site "LSS email"]
[Date "2022.02.06"]
[Round "?"]
[White "Bordenave, Roberto"]
[Black "Ortiz, Manuel"]
[Result "1/2-1/2"]
[WhiteElo "2284"]
[BlackElo "2274"]
[PlyCount "32"]
[EventDate "2022.01.17"]
[EventType "tourn (corr)"]
[EventRounds "6"]
[EventCountry "GER"]
[SourceTitle "Corr 2024"]
[Source "ChessBase"]
[SourceDate "2023.10.19"]
[SourceVersion "1"]
[SourceVersionDate "2023.10.19"]
[SourceQuality "1"]

1. d4 e6 2. c4 Nf6 3. Nc3 Bb4 4. e3 0-0 5. Bd3 d5 6. Nf3 dxc4 7. Bxc4 c5 8. 0-0 cxd4 9. exd4 b6 10. Bg5 Bb7 11. Ne5 Nbd7 12. Qe2 Bxc3 13. bxc3 Rc8 14. Nxd7 Qxd7 15. Bxf6 gxf6 16. d5 Qc7 1/2-1/2

[Event "RM-2022-0-00257"]
[Site "LSS email"]
[Date "2022.02.06"]
[Round "?"]
[White "Ortiz, Manuel"]
[Black "Enev, Zlatko"]
[Result "1/2-1/2"]
[WhiteElo "2274"]
[BlackElo "2381"]
[PlyCount "49"]
[EventDate "2022.01.17"]
[EventType "tourn (corr)"]
[EventRounds "6"]
[EventCountry "GER"]
[SourceTitle "Corr 2024"]
[Source "ChessBase"]
[SourceDate "2023.10.19"]
[SourceVersion "1"]
[SourceVersionDate "2023.10.19"]
[SourceQuality "1"]

1. e4 c5 2. Nf3 d6 3. d4 cxd4 4. Nxd4 Nf6 5. Nc3 a6 6. Be3 e5 7. Nb3 Be6 8. f3 h5 9. Qd2 Nbd7 10. Nd5 Bxd5 11. exd5 g6 12. Be2 Bg7 13. 0-0 0-0 14. Na5 Qc7 15. c4 e4 16. f4 Ng4 17. Bxg4 hxg4 18. Rad1 f5 19. b4 b6 20. Nc6 Nb8 21. Nd4 Qxc4 22. Ne6 Bc3 23. Qf2 Nd7 24. Qh4 Rf7 25. Qg5 1/2-1/2

[Event "RM-2022-0-00257"]
[Site "LSS email"]
[Date "2022.02.05"]
[Round "?"]
[White "Ortiz, Manuel"]
[Black "Ozen, Bahadir"]
[Result "1/2-1/2"]
[WhiteElo "2274"]
[BlackElo "2316"]
[PlyCount "40"]
[EventDate "2022.01.17"]
[EventType "tourn (corr)"]
[EventRounds "6"]
[EventCountry "GER"]
[SourceTitle "Corr 2024"]
[Source "ChessBase"]
[SourceDate "2023.10.19"]
[SourceVersion "1"]
[SourceVersionDate "2023.10.19"]
[SourceQuality "1"]

1. e4 e5 2. Nf3 Nc6 3. Bb5 a6 4. Ba4 Nf6 5. 0-0 Be7 6. Re1 b5 7. Bb3 0-0 8. a4 b4 9. d3 d6 10. a5 Be6 11. Bxe6 fxe6 12. Nbd2 Rb8 13. c3 Rb5 14. d4 bxc3 15. bxc3 exd4 16. cxd4 Nb4 17. Ba3 Nd3 18. Rf1 c5 19. Nc4 Nf4 20. e5 dxe5 1/2-1/2

[Event "RM-2022-0-00251"]
[Site "LSS email"]
[Date "2022.01.04"]
[Round "?"]
[White "Koch, Christian"]
[Black "Ortiz, Manuel"]
[Result "1-0"]
[WhiteElo "2363"]
[BlackElo "2278"]
[PlyCount "53"]
[EventDate "2021.11.25"]
[EventType "tourn (corr)"]
[EventRounds "6"]
[EventCountry "GER"]
[SourceTitle "Corr 2024"]
[Source "ChessBase"]
[SourceDate "2023.10.19"]
[SourceVersion "1"]
[SourceVersionDate "2023.10.19"]
[SourceQuality "1"]

1. d4 e6 2. e4 d5 3. Nc3 Nf6 4. e5 Nfd7 5. f4 c5 6. Nf3 Nc6 7. Be3 cxd4 8. Nxd4 Qb6 9. Qd2 Qxb2 10. Rb1 Qa3 11. Bb5 Nxd4 12. Bxd4 a6 13. Bxd7+ Bxd7 14. Rb3 Qe7 15. Rxb7 Qd8 16. 0-0 Rc8 17. Qe3 Rc4 18. Rfb1 Be7 19. f5 Bg5 20. Qd3 0-0 21. f6 Bc6 22. Re7 h6 23. g3 h5 24. h4 Bh6 25. Rb6 Qa8 26. Ne2 g6 27. Be3 1-0

[Event "RM-2022-0-00251"]
[Site "LSS email"]
[Date "2022.01.01"]
[Round "?"]
[White "Ortiz, Manuel"]
[Black "Van Bommel, Ton"]
[Result "1/2-1/2"]
[WhiteElo "2278"]
[BlackElo "2161"]
[PlyCount "63"]
[EventDate "2021.11.25"]
[EventType "tourn (corr)"]
[EventRounds "6"]
[EventCountry "GER"]
[SourceTitle "Corr 2024"]
[Source "ChessBase"]
[SourceDate "2023.10.19"]
[SourceVersion "1"]
[SourceVersionDate "2023.10.19"]
[SourceQuality "1"]

1. e4 e5 2. Nf3 Nc6 3. Bb5 a6 4. Ba4 d6 5. 0-0 b5 6. Bb3 Nf6 7. c3 Be7 8. d4 0-0 9. h3 Re8 10. Re1 Bb7 11. Nbd2 Bf8 12. a4 exd4 13. cxd4 h6 14. Bc2 Nb4 15. Bb1 c5 16. d5 Nd7 17. Ra3 c4 18. Ree3 Nc5 19. b3 c3 20. Rxc3 f5 21. axb5 fxe4 22. Nxe4 Nxe4 23. Rc4 Nxd5 24. Bxe4 Rxe4 25. bxa6 Rxa6 26. Rxa6 Rxc4 27. bxc4 Nc3 28. Qe1 Bxa6 29. Qxc3 Qc8 30. Be3 Bxc4 31. Nh4 Be6 32. Qxc8 1/2-1/2

[Event "WC-2019-Q-00004"]
[Site "LSS email"]
[Date "2019.08.28"]
[Round "?"]
[White "Mueller Alves, Martin"]
[Black "Ortiz, Manuel"]
[Result "1/2-1/2"]
[WhiteElo "2422"]
[BlackElo "2285"]
[PlyCount "95"]
[EventDate "2019.09.01"]
[EventType "tourn (corr)"]
[EventRounds "12"]
[EventCountry "GER"]
[SourceTitle "Corr 2022"]
[Source "ChessBase"]
[SourceDate "2021.10.24"]
[SourceVersion "1"]
[SourceVersionDate "2021.10.24"]
[SourceQuality "1"]

1. e4 e6 2. d4 d5 3. Nd2 Be7 4. Bd3 c5 5. dxc5 Nf6 6. Qe2 0-0 7. Ngf3 a5 8. 0-0 Na6 9. e5 Nd7 10. c3 Naxc5 11. Bc2 b6 12. Re1 Ba6 13. Qe3 f6 14. b4 fxe5 15. Nxe5 Nxe5 16. bxc5 Bxc5 17. Qxe5 Bxf2+ 18. Kh1 Bxe1 19. Qxe1 Qf6 20. Ba3 Rf7 21. Nf3 Rc8 22. Bb2 Re8 23. Bb3 Rc8 24. Kg1 Qe7 25. Qe3 Qc5 26. Re1 Qxe3+ 27. Rxe3 Rf6 28. Bd1 Bc4 29. a3 b5 30. Re1 Bd3 31. h4 h6 32. h5 a4 33. Ne5 Be4 34. Bg4 Rc7 35. Ba1 Bc2 36. Be2 Rf5 37. Bxb5 Rxh5 38. Nf3 Be4 39. Nd2 Bf5 40. Bxa4 Ra7 41. Bd1 Rg5 42. Nf3 Rg4 43. a4 Be4 44. Bb2 h5 45. Kf2 Rc7 46. Be2 Ra7 47. Bd1 Rc7 48. Be2 1/2-1/2

[Event "WC-2019-Q-00004"]
[Site "LSS email"]
[Date "2019.08.28"]
[Round "?"]
[White "Ortiz, Manuel"]
[Black "Oliveira, Diogo"]
[Result "1/2-1/2"]
[WhiteElo "2285"]
[BlackElo "2223"]
[PlyCount "82"]
[EventDate "2019.09.01"]
[EventType "tourn (corr)"]
[EventRounds "12"]
[EventCountry "GER"]
[SourceTitle "Corr 2022"]
[Source "ChessBase"]
[SourceDate "2021.10.24"]
[SourceVersion "1"]
[SourceVersionDate "2021.10.24"]
[SourceQuality "1"]

1. e4 e6 2. d4 d5 3. e5 c5 4. c3 Nc6 5. Nf3 Bd7 6. Be2 Nge7 7. Na3 cxd4 8. cxd4 Nf5 9. 0-0 Rc8 10. Nc2 Qb6 11. b3 a5 12. Bb2 Be7 13. Qd2 Nh4 14. Nxh4 Bxh4 15. Ne3 Be7 16. f4 Bb4 17. Qd3 g6 18. Rab1 h5 19. a3 Be7 20. Qd2 Kf8 21. g3 Kg7 22. Rfd1 Be8 23. h3 Bf8 24. Kh2 Kh7 25. g4 Bh6 26. Rf1 hxg4 27. hxg4 Kg8 28. Kg2 Bg7 29. b4 axb4 30. axb4 Qxb4 31. Bc3 Qe7 32. g5 Qd7 33. Rb3 Qc7 34. Rfb1 b6 35. Rxb6 Nxe5 36. fxe5 Qxc3 37. Qxc3 Rxc3 38. Ng4 Rc8 39. Bd3 Ba4 40. Ra6 Be8 41. Nf6+ Bxf6 1/2-1/2

[Event "WC-2019-Q-00004"]
[Site "LSS email"]
[Date "2019.08.28"]
[Round "?"]
[White "Roques, Pascal"]
[Black "Ortiz, Manuel"]
[Result "1-0"]
[WhiteElo "2360"]
[BlackElo "2285"]
[PlyCount "43"]
[EventDate "2019.09.01"]
[EventType "tourn (corr)"]
[EventRounds "12"]
[EventCountry "GER"]
[SourceTitle "Corr 2022"]
[Source "ChessBase"]
[SourceDate "2021.10.24"]
[SourceVersion "1"]
[SourceVersionDate "2021.10.24"]
[SourceQuality "1"]

1. e4 e6 2. d4 d5 3. Nd2 Be7 4. Bd3 c5 5. dxc5 Nf6 6. Qe2 0-0 7. Ngf3 a5 8. 0-0 Na6 9. e5 Nd7 10. c4 Ndxc5 11. Bb1 Nb4 12. Re1 b6 13. a3 Nc6 14. Nb3 Ba6 15. Nxc5 bxc5 16. Qc2 g6 17. cxd5 Qxd5 18. Qc3 Qd7 19. Be4 Rfd8 20. Bg5 Nd4 21. Bxe7 Qxe7 22. Bxa8 1-0

[Event "RA-2019-0-00622"]
[Site "LSS email"]
[Date "2019.04.16"]
[Round "?"]
[White "Misericordia, Antonio"]
[Black "Ortiz, Manuel"]
[Result "1/2-1/2"]
[WhiteElo "2366"]
[BlackElo "2283"]
[PlyCount "94"]
[EventDate "2019.03.08"]
[EventType "tourn (corr)"]
[EventRounds "6"]
[EventCountry "GER"]
[SourceTitle "Corr 2022"]
[Source "ChessBase"]
[SourceDate "2021.10.24"]
[SourceVersion "1"]
[SourceVersionDate "2021.10.24"]
[SourceQuality "1"]

1. Nf3 e6 2. c4 Nf6 3. d4 b6 4. g3 Bb7 5. Bg2 Be7 6. 0-0 0-0 7. Nc3 Ne4 8. Bd2 f5 9. Nxe4 Bxe4 10. Ne1 Bxg2 11. Nxg2 Qe8 12. Bc3 Bf6 13. Qc2 a5 14. Rad1 Nc6 15. e3 Nb4 16. Qb1 Nc6 17. h4 Ne7 18. b3 Qh5 19. f3 Qg6 20. Kh2 a4 21. b4 d6 22. Qd3 Qf7 23. b5 Ng6 24. Rc1 Rac8 25. Rf2 Rfe8 26. Qc2 a3 27. Qd3 Ra8 28. Ba1 Ne7 29. Rfc2 e5 30. dxe5 dxe5 31. c5 Red8 32. Qe2 Qd5 33. e4 fxe4 34. fxe4 Qd3 35. Qg4 Kh8 36. Qe2 Qxe2 37. Rxe2 Ra5 38. Rb1 Ra4 39. cxb6 cxb6 40. Ne1 h5 41. Rb3 Rd1 42. Bc3 Nc8 43. Bb4 Rd4 44. Nc2 Rc4 45. Kg2 Na7 46. Bd6 Nc8 47. Bb4 Na7 1/2-1/2

[Event "RA-2019-0-00622"]
[Site "LSS email"]
[Date "2019.04.16"]
[Round "?"]
[White "Ortiz, Manuel"]
[Black "Jarabinsky, Martin"]
[Result "1/2-1/2"]
[WhiteElo "2283"]
[BlackElo "2310"]
[PlyCount "71"]
[EventDate "2019.03.08"]
[EventType "tourn (corr)"]
[EventRounds "6"]
[EventCountry "GER"]
[SourceTitle "Corr 2022"]
[Source "ChessBase"]
[SourceDate "2021.10.24"]
[SourceVersion "1"]
[SourceVersionDate "2021.10.24"]
[SourceQuality "1"]

1. e4 e5 2. Nf3 Nc6 3. Bb5 a6 4. Ba4 Nf6 5. 0-0 Be7 6. d3 b5 7. Bb3 d6 8. a4 Bd7 9. c3 0-0 10. Bc2 h6 11. Re1 Re8 12. Nbd2 Bf8 13. Nf1 b4 14. a5 bxc3 15. bxc3 d5 16. h3 Rb8 17. Ne3 d4 18. cxd4 Nxd4 19. Nxd4 exd4 20. Nc4 Bb5 21. Bb3 Nd7 22. Ba2 Bb4 23. Bd2 Bxc4 24. Bxc4 Ne5 25. Bxa6 Re6 26. Bxb4 Rxb4 27. Qd2 Qb8 28. Bc4 Nxc4 29. dxc4 c5 30. e5 Rxc4 31. Reb1 Rb4 32. Rxb4 Qxb4 33. Qxb4 cxb4 34. a6 Re8 35. Ra4 b3 36. Rxd4 1/2-1/2

[Event "RA-2019-0-00621"]
[Site "LSS email"]
[Date "2019.04.08"]
[Round "?"]
[White "Ortiz, Manuel"]
[Black "Jarabinsky, Martin"]
[Result "1/2-1/2"]
[WhiteElo "2283"]
[BlackElo "2304"]
[PlyCount "55"]
[EventDate "2019.02.28"]
[EventType "tourn (corr)"]
[EventRounds "6"]
[EventCountry "GER"]
[SourceTitle "Corr 2022"]
[Source "ChessBase"]
[SourceDate "2021.10.24"]
[SourceVersion "1"]
[SourceVersionDate "2021.10.24"]
[SourceQuality "1"]

1. e4 c5 2. Nf3 d6 3. d4 cxd4 4. Nxd4 Nf6 5. Nc3 a6 6. Be3 e5 7. Nb3 Be7 8. Be2 Be6 9. 0-0 0-0 10. Qd3 Nbd7 11. Nd5 Bxd5 12. exd5 Ne8 13. a4 f5 14. f4 g6 15. fxe5 Nxe5 16. Qd2 Nf6 17. Nd4 Ne4 18. Qc1 Ng5 19. Qd1 Qd7 20. Qc1 Qd8 21. Qd1 Re8 22. g4 Bf6 23. Kh1 Nef3 24. Ne6 Nxe6 25. dxe6 fxg4 26. Bxf3 gxf3 27. Qxf3 Be5 28. Rae1 1/2-1/2

[Event "SA-2019-0-00674"]
[Site "LSS email"]
[Date "2019.03.18"]
[Round "?"]
[White "Ortiz, Manuel"]
[Black "Khlopov, Sergej"]
[Result "1/2-1/2"]
[WhiteElo "2293"]
[BlackElo "2262"]
[PlyCount "89"]
[EventDate "2019.02.12"]
[EventType "tourn (corr)"]
[EventRounds "6"]
[EventCountry "GER"]
[SourceTitle "Corr 2022"]
[Source "ChessBase"]
[SourceDate "2021.10.24"]
[SourceVersion "1"]
[SourceVersionDate "2021.10.24"]
[SourceQuality "1"]

1. d4 d5 2. c4 c6 3. Nf3 Nf6 4. Nc3 e6 5. g3 dxc4 6. Bg2 b5 7. Ne5 a6 8. a4 Bb7 9. 0-0 Qc8 10. e4 Nbd7 11. Nxd7 Qxd7 12. e5 Nd5 13. Ne4 Nb6 14. b3 cxb3 15. Qxb3 Nd5 16. Qf3 a5 17. Bd2 b4 18. Rfc1 h6 19. Qg4 h5 20. Qd1 h4 21. Bg5 h3 22. Bf3 Rb8 23. Qd3 Qc7 24. Be2 Qd7 25. Qc4 Ba8 26. Rab1 Qc7 27. Rb3 Bb7 28. Rb2 Ba8 29. Bf3 Bb7 30. Qb3 Rc8 31. Rbc2 Ba8 32. Qd3 Qd7 33. Nc5 Bxc5 34. Rxc5 Rb8 35. Qe4 Ne7 36. Qg4 0-0 37. d5 b3 38. d6 Rb4 39. Qxh3 b2 40. Rb1 Nf5 41. Bg2 Qa7 42. Rc2 c5 43. Bd2 Rxa4 44. Rcxb2 Nd4 45. Be3 1/2-1/2

[Event "SA-2019-0-00674"]
[Site "LSS email"]
[Date "2019.03.18"]
[Round "?"]
[White "Susla, Vitaliy"]
[Black "Ortiz, Manuel"]
[Result "1-0"]
[WhiteElo "2325"]
[BlackElo "2293"]
[PlyCount "95"]
[EventDate "2019.02.12"]
[EventType "tourn (corr)"]
[EventRounds "6"]
[EventCountry "GER"]
[SourceTitle "Corr 2022"]
[Source "ChessBase"]
[SourceDate "2021.10.24"]
[SourceVersion "1"]
[SourceVersionDate "2021.10.24"]
[SourceQuality "1"]

1. e4 e6 2. d4 d5 3. Nc3 Nc6 4. e5 f6 5. Bb5 Bd7 6. Nf3 Bb4 7. 0-0 fxe5 8. Bxc6 Bxc6 9. Nxe5 Nf6 10. Qe2 Bd7 11. Bd2 0-0 12. Ne4 Nxe4 13. Bxb4 Nd6 14. Rfe1 Rf4 15. Qe3 Re4 16. Qf3 Rxe1+ 17. Rxe1 Be8 18. Nd3 Bf7 19. Ne5 Qf6 20. Qg3 Ne4 21. Qe3 a5 22. Bc3 Nd6 23. f3 a4 24. Bd2 b6 25. Qc3 Rc8 26. Be3 c5 27. Qd2 Be8 28. c3 Nf7 29. Nd3 Bb5 30. Nf4 h6 31. Bf2 Re8 32. dxc5 bxc5 33. Bxc5 Bc4 34. a3 Qf5 35. Bf2 h5 36. h4 Kh7 37. Qe3 e5 38. Nh3 Qg6 39. Kh2 Bb5 40. Rd1 Bc6 41. Bg3 Kg8 42. Qc5 Qd6 43. Qb6 Ba8 44. Qe3 Bc6 45. Re1 Qf6 46. Qc5 e4 47. Nf4 Ne5 48. Nxd5 1-0

[Event "RA-2018-0-00607"]
[Site "LSS email"]
[Date "2018.11.28"]
[Round "?"]
[White "Husemann, Andreas"]
[Black "Ortiz, Manuel"]
[Result "1/2-1/2"]
[WhiteElo "2287"]
[BlackElo "2281"]
[PlyCount "120"]
[EventDate "2018.10.22"]
[EventType "tourn (corr)"]
[EventRounds "6"]
[EventCountry "GER"]
[SourceTitle "Corr 2022"]
[Source "ChessBase"]
[SourceDate "2021.10.24"]
[SourceVersion "1"]
[SourceVersionDate "2021.10.24"]
[SourceQuality "1"]

1. d4 Nf6 2. c4 e6 3. Nc3 Bb4 4. f3 d5 5. a3 Bxc3+ 6. bxc3 c5 7. cxd5 exd5 8. e3 0-0 9. Bd3 b6 10. Ne2 Ba6 11. 0-0 Re8 12. Ng3 Bxd3 13. Qxd3 Nc6 14. Bb2 c4 15. Qd2 h5 16. Rae1 h4 17. Nh1 Re6 18. Nf2 Qe7 19. Re2 Re8 20. Rfe1 b5 21. e4 dxe4 22. fxe4 Nd5 23. Nh3 Na5 24. Qc2 Nb3 25. e5 f6 26. Qe4 Qd7 27. Qxh4 a5 28. Qg4 b4 29. Nf4 Nxf4 30. Qxf4 fxe5 31. dxe5 Nc5 32. Qxc4 Nd3 33. Rf1 Nxb2 34. Rxb2 bxa3 35. Ra2 Qc6 36. Qxc6 Rxc6 37. Rxa3 Rxe5 38. Rfa1 Kh7 39. h3 Rec5 40. Rxa5 Rxa5 41. Rxa5 Rxc3 42. Kh2 Rc4 43. Kg3 Kh6 44. h4 g6 45. Kh3 Rc3+ 46. g3 Kh7 47. Kg4 Rd3 48. Kf4 Rc3 49. g4 Kh6 50. Re5 Rc4+ 51. Re4 Rc1 52. Ke5 Ra1 53. Kf6 Ra6+ 54. Re6 Ra4 55. g5+ Kh5 56. Kf7 Rf4+ 57. Rf6 Rb4 58. Re6 Rf4+ 59. Rf6 Rb4 60. Re6 Rf4+ 1/2-1/2

[Event "RA-2018-0-00607"]
[Site "LSS email"]
[Date "2018.11.28"]
[Round "?"]
[White "Ortiz, Manuel"]
[Black "Koch, Christian"]
[Result "1/2-1/2"]
[WhiteElo "2281"]
[BlackElo "2305"]
[PlyCount "53"]
[EventDate "2018.10.22"]
[EventType "tourn (corr)"]
[EventRounds "6"]
[EventCountry "GER"]
[SourceTitle "Corr 2022"]
[Source "ChessBase"]
[SourceDate "2021.10.24"]
[SourceVersion "1"]
[SourceVersionDate "2021.10.24"]
[SourceQuality "1"]

1. d4 d5 2. Nf3 Nf6 3. c4 e6 4. g3 dxc4 5. Bg2 a6 6. 0-0 Nc6 7. e3 Bd7 8. Qe2 b5 9. b3 cxb3 10. axb3 Be7 11. Bb2 0-0 12. Rc1 Nb4 13. Ne5 Nfd5 14. Na3 Be8 15. e4 Nb6 16. Nc2 a5 17. Nxb4 Bxb4 18. Nd3 Be7 19. d5 exd5 20. exd5 a4 21. d6 Bxd6 22. Bxa8 Qxa8 23. Be5 Bxe5 24. Nxe5 Qb7 25. Qc2 f6 26. Nd3 Bg6 27. Qc3 1/2-1/2

[Event "WC-2018-Q-00013"]
[Site "LSS email"]
[Date "2018.09.16"]
[Round "?"]
[White "Ortiz, Manuel"]
[Black "Dard, Michel"]
[Result "1/2-1/2"]
[WhiteElo "2289"]
[BlackElo "2313"]
[PlyCount "41"]
[EventDate "2018.09.22"]
[EventType "tourn (corr)"]
[EventRounds "12"]
[EventCountry "GER"]
[SourceTitle "Corr 2022"]
[Source "ChessBase"]
[SourceDate "2021.10.24"]
[SourceVersion "1"]
[SourceVersionDate "2021.10.24"]
[SourceQuality "1"]

1. d4 d5 2. c4 dxc4 3. e4 Nf6 4. e5 Nd5 5. Bxc4 Nb6 6. Bd3 Nc6 7. Be3 Nb4 8. Be4 f5 9. a3 N4d5 10. Bf3 Bd7 11. Nh3 Bc6 12. Nc3 Qd7 13. Bxd5 Nxd5 14. Nxd5 Bxd5 15. Nf4 e6 16. Rc1 0-0-0 17. Qc2 c6 18. f3 Be7 19. h4 g6 20. Kf2 Qe8 21. Bd2 1/2-1/2

[Event "RA-2018-0-00598"]
[Site "LSS email"]
[Date "2018.09.16"]
[Round "?"]
[White "Ortiz, Manuel"]
[Black "Tyutyunnik, Roman"]
[Result "1/2-1/2"]
[WhiteElo "2280"]
[BlackElo "2113"]
[PlyCount "41"]
[EventDate "2018.08.20"]
[EventType "tourn (corr)"]
[EventRounds "6"]
[EventCountry "GER"]
[SourceTitle "Corr 2022"]
[Source "ChessBase"]
[SourceDate "2021.10.24"]
[SourceVersion "1"]
[SourceVersionDate "2021.10.24"]
[SourceQuality "1"]

1. e4 e5 2. Nf3 Nc6 3. Bb5 Nf6 4. d3 Bc5 5. 0-0 Nd4 6. Nxd4 Bxd4 7. Nd2 c6 8. Ba4 d6 9. c3 Bb6 10. h3 0-0 11. Nf3 h6 12. Re1 Re8 13. Bc2 d5 14. exd5 Qxd5 15. Be3 Bc7 16. c4 Qd6 17. Bd2 Bf5 18. Bc3 Nd7 19. Qd2 Bg6 20. b4 Rad8 21. Re3 1/2-1/2

[Event "RA-2018-0-00598"]
[Site "LSS email"]
[Date "2018.09.16"]
[Round "?"]
[White "Ortiz, Manuel"]
[Black "Willmann, Bernd"]
[Result "1/2-1/2"]
[WhiteElo "2280"]
[BlackElo "2273"]
[PlyCount "77"]
[EventDate "2018.08.20"]
[EventType "tourn (corr)"]
[EventRounds "6"]
[EventCountry "GER"]
[SourceTitle "Corr 2022"]
[Source "ChessBase"]
[SourceDate "2021.10.24"]
[SourceVersion "1"]
[SourceVersionDate "2021.10.24"]
[SourceQuality "1"]

1. e4 c5 2. Nf3 d6 3. Bb5+ Bd7 4. Bxd7+ Qxd7 5. 0-0 Nc6 6. c3 Nf6 7. d4 Nxe4 8. d5 Ne5 9. Re1 Nxf3+ 10. Qxf3 Nf6 11. c4 e5 12. dxe6 fxe6 13. Nc3 Be7 14. Bg5 h6 15. Bh4 Rd8 16. Rad1 0-0 17. Qe2 e5 18. Bxf6 Bxf6 19. Ne4 Qe6 20. Rd5 b6 21. Red1 Be7 22. R1d3 g5 23. Ra3 Rd7 24. h3 Qg6 25. Re3 Rdd8 26. Rd1 Rf4 27. Nc3 Kg7 28. Nd5 Rf7 29. a3 h5 30. f3 Kh8 31. b4 Bf6 32. b5 Bg7 33. a4 Rdf8 34. Re4 Bf6 35. Ne3 Be7 36. Qd2 Kg8 37. Qd5 Kh8 38. Ra1 Bd8 39. Rd1 1/2-1/2

[Event "RA-2018-0-00598"]
[Site "LSS email"]
[Date "2018.09.16"]
[Round "?"]
[White "Rheinstaedtler, Klaus"]
[Black "Ortiz, Manuel"]
[Result "1/2-1/2"]
[WhiteElo "2208"]
[BlackElo "2280"]
[PlyCount "28"]
[EventDate "2018.08.20"]
[EventType "tourn (corr)"]
[EventRounds "6"]
[EventCountry "GER"]
[SourceTitle "Corr 2022"]
[Source "ChessBase"]
[SourceDate "2021.10.24"]
[SourceVersion "1"]
[SourceVersionDate "2021.10.24"]
[SourceQuality "1"]

1. d4 Nf6 2. c4 e6 3. Nf3 b6 4. a3 d5 5. cxd5 exd5 6. Nc3 Bb7 7. Bf4 Bd6 8. Bg3 0-0 9. e3 Bxg3 10. hxg3 Nbd7 11. b4 h6 12. Bd3 c5 13. dxc5 bxc5 14. Be2 Qe7 1/2-1/2

[Event "WC-2018-Q-00013"]
[Site "LSS email"]
[Date "2018.09.16"]
[Round "?"]
[White "Tsygankov, Evgeny Georgievich"]
[Black "Ortiz, Manuel"]
[Result "1/2-1/2"]
[WhiteElo "2457"]
[BlackElo "2289"]
[PlyCount "62"]
[EventDate "2018.09.22"]
[EventType "tourn (corr)"]
[EventRounds "12"]
[EventCountry "GER"]
[SourceTitle "Corr 2022"]
[Source "ChessBase"]
[SourceDate "2021.10.24"]
[SourceVersion "1"]
[SourceVersionDate "2021.10.24"]
[SourceQuality "1"]

1. e4 e5 2. Nf3 Nc6 3. Bb5 a6 4. Ba4 Nf6 5. 0-0 Be7 6. Re1 b5 7. Bb3 0-0 8. d3 d6 9. a3 Na5 10. Ba2 c5 11. h3 Nc6 12. Nc3 Be6 13. Nd5 Bxd5 14. exd5 Nd4 15. Ng5 Nf5 16. Ne4 Nd7 17. b4 Qc7 18. Bd2 g6 19. c3 Rfc8 20. Rc1 cxb4 21. axb4 a5 22. bxa5 Qxa5 23. Bb3 Qd8 24. g3 h5 25. h4 Nc5 26. Bc2 Qd7 27. Rb1 Ra2 28. Bb3 Ra6 29. Bc2 Ra2 30. Bb3 Ra3 31. Bc2 Ra2 1/2-1/2

[Event "WC-2018-S-00004"]
[Site "LSS email"]
[Date "2018.08.23"]
[Round "?"]
[White "Ortiz, Manuel"]
[Black "Langer, Raimund"]
[Result "0-1"]
[WhiteElo "2288"]
[BlackElo "2496"]
[PlyCount "48"]
[EventDate "2018.09.01"]
[EventType "tourn (corr)"]
[EventRounds "12"]
[EventCountry "GER"]
[SourceTitle "Corr 2022"]
[Source "ChessBase"]
[SourceDate "2021.10.24"]
[SourceVersion "1"]
[SourceVersionDate "2021.10.24"]
[SourceQuality "1"]

1. e4 c5 2. Nf3 d6 3. d4 cxd4 4. Nxd4 Nf6 5. Nc3 a6 6. Bg5 Nbd7 7. Qe2 h6 8. Bh4 g6 9. f4 e5 10. fxe5 dxe5 11. 0-0-0 Qc7 12. Qe1 Bb4 13. Nde2 0-0 14. Qf2 Qc6 15. Nd5 Nxd5 16. exd5 Qb6 17. g4 Bc5 18. Qe1 Nf6 19. h3 Bd7 20. Bg2 Ne8 21. Rd3 Rc8 22. Rb3 Qc7 23. Nc3 Nd6 24. Kb1 f5 0-1

[Event "WC-2018-S-00004"]
[Site "LSS email"]
[Date "2018.08.23"]
[Round "?"]
[White "Ortiz, Manuel"]
[Black "Szabo, Vilmos"]
[Result "0-1"]
[WhiteElo "2288"]
[BlackElo "2417"]
[PlyCount "156"]
[EventDate "2018.09.01"]
[EventType "tourn (corr)"]
[EventRounds "12"]
[EventCountry "GER"]
[SourceTitle "Corr 2022"]
[Source "ChessBase"]
[SourceDate "2021.10.24"]
[SourceVersion "1"]
[SourceVersionDate "2021.10.24"]
[SourceQuality "1"]

1. e4 e5 2. Nf3 Nc6 3. Bb5 a6 4. Ba4 Nf6 5. 0-0 Be7 6. Re1 b5 7. Bb3 d6 8. c3 0-0 9. h3 Na5 10. Bc2 c5 11. d4 Qc7 12. Nbd2 Bd7 13. Nf1 cxd4 14. cxd4 Rfe8 15. Ne3 Nc6 16. Bb3 Rac8 17. d5 Nd8 18. Nf1 Nb7 19. Ng3 g6 20. Bd2 a5 21. Qe2 Qb6 22. Red1 h5 23. Be3 Nc5 24. Bc2 b4 25. Rdc1 Rc7 26. Bd3 Rec8 27. a4 bxa3 28. bxa3 Qb3 29. Bc2 Qb5 30. Qe1 Bd8 31. a4 Qb8 32. Rcb1 Rb7 33. Nd2 Kg7 34. Qe2 Rb4 35. Ngf1 Qb7 36. Qd1 Qc7 37. Kh2 h4 38. Rc1 Qb7 39. Rcb1 Qc7 40. Rc1 Nh5 41. Bd3 Nf4 42. Ba6 Ra8 43. Bxc5 dxc5 44. Bc4 Bg5 45. Rc3 Rab8 46. Ne3 Nh5 47. Kg1 Qd8 48. Rca3 Nf6 49. Qc2 Bf4 50. Qc3 Qc8 51. R3a2 Qd8 52. Ra3 Qc7 53. R3a2 Qb7 54. Ra3 Rc8 55. Qd3 Qc7 56. Qe2 Ne8 57. Bd3 Nd6 58. Nec4 Bxd2 59. Nxd6 Qxd6 60. Qxd2 Rcb8 61. Bc2 Rc8 62. Rf3 Re8 63. Kh2 Reb8 64. Qg5 Rc4 65. Ra2 Rh8 66. Qd2 Rb4 67. Kg1 Qe7 68. Ra1 Rhb8 69. Qc3 R8b6 70. Kh2 Rb7 71. Qd2 R7b6 72. Rfa3 Rb8 73. Kg1 Qf6 74. Rf3 Qd8 75. Qc3 Qe7 76. Re3 Qf6 77. Rf1 c4 78. f4 Rb3 0-1

[Event "SA-2018-0-00645"]
[Site "LSS email"]
[Date "2018.08.20"]
[Round "?"]
[White "Tylecek, Drahomir"]
[Black "Ortiz, Manuel"]
[Result "1/2-1/2"]
[WhiteElo "2152"]
[BlackElo "2265"]
[PlyCount "55"]
[EventDate "2018.07.27"]
[EventType "tourn (corr)"]
[EventRounds "6"]
[EventCountry "GER"]
[SourceTitle "Corr 2022"]
[Source "ChessBase"]
[SourceDate "2021.10.24"]
[SourceVersion "1"]
[SourceVersionDate "2021.10.24"]
[SourceQuality "1"]

1. e4 c5 2. Nf3 e6 3. d4 cxd4 4. Nxd4 Nc6 5. Nc3 Nf6 6. Ndb5 d6 7. Bf4 e5 8. Bg5 a6 9. Na3 b5 10. Bxf6 gxf6 11. Nd5 f5 12. c3 Bg7 13. exf5 Bxf5 14. Nc2 0-0 15. Bd3 Be6 16. Nce3 f5 17. 0-0 Kh8 18. Qh5 e4 19. Bc2 Ne7 20. Rad1 Bf7 21. Qh3 Nxd5 22. Nxd5 Qg5 23. Qe3 Qh4 24. Bb3 Rae8 25. g3 Qg4 26. Nf4 Be5 27. h3 Qg7 28. Bxf7 1/2-1/2